Wahyu ilahi kepada Muhammad

Bibliographic Details
Main Author: Muhammad Rasyid Ridha
Format: Book
Published: Kuala Lumpur : DBP , 1991
Subjects:

MARC

LEADER 00000cam a2200000 7i4500
001 0000004124
002 000004437
005 20000330.0
020 |a 9836220585 
090 0 0 |a 297.23   |b MUH 
100 0 |a Muhammad Rasyid Ridha 
245 1 0 |a Wahyu ilahi kepada Muhammad   |c Muhammad Rasyid Ridla 
260 |a Kuala Lumpur :   |b DBP ,   |c 1991 
300 |a 527p. ;   |c 22cm. 
650 0 0 |a Al Wahyu 
999 |a 033427   |b BUKU   |c PINJAMAN   |e PERPUSTAKAAN KOMUNITI PETALING JAYA